000 00505nam a2200181 i 4500
001 116498
003 ES-MaACL
005 20250823004923.0
007 t|
008 061121s1911 xxk r ||||1| eng d
100 1 _aParry, Charles Hubert Hastings.
_989275
245 1 0 _aStyle in musical art /
_cCharles H. H. Parry.
260 _aLondon :
_bMacmillan and Co,
_c1911.
300 _aXII, 438 p. ;
_c23 cm.
650 7 _aMúsica
_2embne
_915376
852 _aES-MaACL
_jC-1464
999 _c116498
_d116498